000 00672nam a2200241 i 4500
001 C2-0308120
003 PPAK
005 20180728094918.0
008 110418s2001 io |||| ||||| | may d
020 _a9799440130
040 _aPPAK
_beng
_cPPAK
_erda
082 0 4 _a297.4
_223
090 0 0 _a297.4
_bCHI
_dKMI
100 1 _aChittick, William C.,
_eauthor
245 1 4 _aThe sufi path of knowledge = Pengetahuan spiritual
264 1 _aYogyakarta, Indonesia :
_bPenerbit Qalam ,
_c2001
300 _axi, 414 pages ;
_c21 cm
336 _2rdacontent
_atext
337 _2rdamedia
_aunmediated
338 _2rdacarrier
_avolume
650 1 0 _aSufism.
942 _ddc
_cB
999 _c110772
_d110772